000
00286nam a22001337a 4500
003
SGT
082
_a
617.3
_b
C17S
100
_a
SHRIVASTAVA, POOJA
245
_a
A COMPARATIVE STUDY OF HAMSTRING
260
_a
SGTU
_c
2017
300
_a
80
650
_a
PHYSIOTHERAPY
942
_2
ddc
_c
TH
999
_c
20669
_d
20669